000 00901nas a2200289 i 4500
001 768714001
003 CO-MdFUSB
005 20220913164328.0
008 151030s1984 ck 000 0 spa d
037 _bCentro Antropologico Colombiano
040 _aCO-MdFUSB
_bspa
_cCO-MdFUSB
_dCO-MdFUSB
_erda
041 0 _aspa
_hspa
245 1 0 _aEthnia
_c/ Centro Antropologico Colombiano
260 _aCentro Antropológico Colombiano
264 _aMedellín, Colombia
_bCentro Antropológico Colombiano
_c1984 - 1997
300 _aVolumen 62 - 94
310 _aNo aplica
_b1988
336 _2rdacontent
_atexto
_btxt
337 _2rdamedia
_asin mediación
_bn
338 _avolumen
362 _a1988 - 1992
546 _aTexto en español
650 _vPublicaciones seriadas
773 _dMedellín, Colombia, Centro Antropológico Colombiano, 1988
810 _hRevista
942 _cCR
_2ddc
_a3
999 _c49438
_d49438